Normal view
MARC view
Entry Personal Name
001 - CONTROL NUMBER
- control field: 40858
003 - CONTROL NUMBER IDENTIFIER
- control field: ARRUPE
005 - DATE AND TIME OF LATEST TRANSACTION
- control field: 20180322105846.0
008 - FIXED-LENGTH DATA ELEMENTS
- fixed length control field: 180322|| aca||aabn | a|a d
040 ## - CATALOGING SOURCE
- Original cataloging agency: ARRUPE
- Transcribing agency: ARRUPE
100 ## - HEADING--PERSONAL NAME
- Personal name: Ntedika, Joseph
- Dates associated with a name: 1946-
670 ## - SOURCE DATA FOUND
- Source citation: Work cat.: (ARRUPE)0: Ntedika, Joseph 1946-, L'évocation de l'au-delà dans la prière pour les morts., 1971.